Statistics for Biggest U.S. Cities Within 100 Kilometers

Click here to take the quiz!

General Stats

  • This quiz has been taken 34,710 times
    (14,965 since last reset)
  • The average score is 85 of 214

Answers on the Map

Answers color-coded by a green-red scale on the quiz's map according to % correct below.
 

Answer Stats

PopulationCity% Correct
8,253,213New York
97%
3,970,219Los Angeles
96%
2,677,643Chicago
92%
471,525Miami
92%
1,343,266Dallas
91%
2,316,120Houston
91%
769,714Seattle
91%
691,531Boston
89%
662,368Las Vegas
89%
1,422,420San Diego
88%
1,708,127Phoenix
87%
656,751 | 66,803Portland
86%
712,816Washington D. C.
86%
995,484Austin
85%
735,538Denver
85%
665,369Detroit
85%
1,578,487Philadelphia
85%
512,550Atlanta
84%
341,555Honolulu
83%
157,821 | 67,402Jackson
81%
389,476New Orleans
81%
289,457Orlando
81%
512,838Sacramento
81%
877,903Indianapolis
80%
497,159Kansas City
80%
662,314Oklahoma City
80%
204,087Salt Lake City
80%
433,111Minneapolis
79%
671,295Nashville
79%
1,567,118San Antonio
79%
407,599Tampa
79%
920,570Jacksonville
77%
287,095Anchorage
76%
681,534El Paso
75%
378,589Cleveland
74%
196,442 | 903,852Columbus
74%
649,705Memphis
74%
562,540Albuquerque
73%
254,479Buffalo
73%
1,013,616San Jose
73%
297,645St. Louis
73%
229,776Boise
72%
900,350Charlotte
72%
299,226Pittsburgh
72%
589,067Milwaukee
71%
304,548Cincinnati
69%
70,839 | 95,429Albany
68%
474,414Raleigh
68%
219,052Baton Rouge
66%
31,849Juneau
66%
196,326Tallahassee
65%
197,866Little Rock
64%
618,338Louisville
64%
259,290Reno
64%
232,226Richmond
64%
212,312Des Moines
63%
478,393Omaha
63%
553,571Tucson
63%
139,714 | 45,879Charleston
62%
113,671 | 168,090Springfield
62%
206,950Birmingham
61%
263,094Madison
58%
403,166Tulsa
58%
451,231Virginia Beach
57%
74,018Bismarck
55%
197,468Augusta
53%
196,268Montgomery
53%
124,769 | 132,130Columbia
52%
530,267Fresno
52%
391,731Wichita
52%
105,405Wichita Falls
52%
23,767Key West
51%
143,632Savannah
51%
187,746Mobile
50%
119,862 | 205,225Rochester
50%
30,696Fairbanks
49%
125,209Fargo
49%
103,836Green Bay
48%
187,809Sioux Falls
48%
327,248Corpus Christi
47%
222,050Spokane
47%
13,708Pierre
46%
141,229Syracuse
46%
109,736Billings
44%
200,031Grand Rapids
44%
190,223Knoxville
43%
324,735Lexington
42%
199,654Amarillo
40%
385,725Bakersfield
39%
95,077Erie
39%
85,773Duluth
38%
184,742Chattanooga
36%
42,899Burlington
35%
73,939Flagstaff
35%
272,398Fort Wayne
34%
297,878Greensboro
34%
262,611Lubbock
34%
184,786Shreveport
33%
183,428Brownsville
32%
31,998Bangor
30%
263,640Laredo
29%
82,759Sioux City
29%
58,498Casper
28%
134,027Cedar Rapids
28%
101,868South Bend
28%
124,794Wilmington
28%
202,964Huntsville
27%
152,737Macon
27%
92,852Asheville
26%
89,576Fayetteville
26%
76,848Missoula
26%
101,886Bend
25%
99,811Yuma
25%
50,970Bozeman
24%
26,652Eureka
24%
64,142Idaho Falls
24%
109,428Peoria
23%
78,864Rapid City
23%
92,456Redding
23%
36,221Texarkana
23%
92,378St. George
22%
34,465Butte
21%
101,799Davenport
21%
147,069Midland
21%
118,407Evansville
20%
63,447Grand Junction
20%
99,058Roanoke
20%
124,407Abilene
19%
33,734Panama City
19%
69,087Eau Claire
18%
55,950Grand Forks
18%
28,315 | 94,779Greenville
18%
13,359Sault Ste. Marie
18%
200,972Cape Coral
17%
94,322Yakima
17%
89,390Champaign
16%
58,353Great Falls
16%
47,596Roswell
16%
45,573Alexandria
15%
115,473Beaumont
15%
119,260College Station
15%
20,308Marquette
15%
83,412Medford
15%
46,998Monroe
15%
209,715Port St. Lucie
15%
20,531Elko
14%
15,734Traverse City
14%
51,411Twin Falls
14%
108,222Tyler
14%
102,867Chico
13%
51,163La Crosse
13%
57,246Lake Havasu City
13%
47,428Minot
13%
38,303Tupelo
13%
105,851Santa Maria
12%
42,989Altoona
11%
26,687Dodge City
11%
44,156Farmington
11%
32,220Gillette
11%
51,004Grand Island
11%
45,806Hattiesburg
11%
84,515Kennewick
11%
101,612San Angelo
11%
56,668Valdosta
11%
69,414Dothan
10%
79,859Jonesboro
10%
25,329Kalispell
10%
36,011Meridian
10%
34,336Pullman
10%
66,838Victoria
10%
28,180Aberdeen
9%
15,452Bemidji
9%
41,588Cape Girardeau
9%
29,664Carlsbad
9%
53,204Harrisonburg
9%
23,202North Platte
9%
14,373Scottsbluff
9%
38,511Wausau
9%
35,722Del Rio
8%
23,527Dickinson
8%
21,253Gallup
8%
39,339Hobbs
8%
14,930Jamestown
8%
29,009Parkersburg
8%
39,589Quincy
8%
22,943Rock Springs
8%
18,095Sheridan
8%
29,749Williston
8%
19,673Blythe
7%
38,091Clovis
7%
18,821Liberal
7%
13,169Steamboat Springs
7%
20,829Hays
6%
34,955Lufkin
6%
15,697Mitchell
6%
14,078Sterling
6%
14,425Susanville
6%
10,468Vernal
6%
10,222Glenwood Springs
5%
24,375Ottumwa
5%
10,488Pecos
5%
29,135Ridgecrest
5%
10,819Riverton
5%
11,578Show Low
5%
11,876Woodward
4%

Score Distribution

Percentile by Number Answered

Percent of People with Each Score

Your Score History

You have not taken this quiz since the last reset